Buddhist monuments : (Record no. 78852)

MARC details
000 -LEADER
fixed length control field 00736nam a22002057a 4500
005 - DATE AND TIME OF LATEST TRANSACTION
control field 20131007120830.0
010 ## - LCCN (DPL NO)
LC control number ENG-108434
020 ## - INTERNATIONAL STANDARD BOOK NUMBER
Terms of availability 1195.00
International Standard Book Number 9350183668
020 ## - INTERNATIONAL STANDARD BOOK NUMBER
Terms of availability 1195.00
International Standard Book Number 9789350183663
035 ## - SYSTEM CONTROL NUMBER
System control number EN-91967
037 ## - SOURCE OF ACQUISITION
Source of stock number/acquisition DBAD/PUB
082 ## - DEWEY DECIMAL CLASSIFICATION NUMBER
Classification number 306.4819095484
100 ## - MAIN ENTRY--PERSONAL NAME
Personal name Krishna Kumari, J.
245 ## - TITLE STATEMENT
Title Buddhist monuments :
Statement of responsibility, etc by J. Krishna Kumari
Remainder of title their role in the development of tourism in Andhra Pradesh /
260 ## - PUBLICATION, DISTRIBUTION, ETC. (IMPRINT)
Place of publication, distribution, etc New Delhi
Name of publisher, distributor, etc Readworthy Publications
Date of publication, distribution, etc 2013
270 ## - ADDRESS
Address D-1, Mohan Garden, Near Tanshi Tent Palace,
City New Delhi
Postal code 110059
300 ## - PHYSICAL DESCRIPTION
Extent xx, 274p. :
Dimensions 22cm(Hb)
Other physical details ill.,maps
500 ## - GENERAL NOTE
General note Includes bibliographical references and index
942 ## - ADDED ENTRY ELEMENTS (KOHA)
Source of classification or shelving scheme Dewey Decimal Classification
Item type English Books
Call number suffix KRI
Classification part 306.4819095484
Holdings
Withdrawn status Lost status Not for loan Collection code Home library Current library Date acquired Source of acquisition Cost, normal purchase price Full call number Barcode Copy number Cost, replacement price Koha item type
    Not For Loan Non-fiction D.B.Act.Division D.B.Act.Division 27/08/2013 DBAD / PUB 1195.00 306.4819095484 KRI EN-91967 1 1195.00 English Books

© Delhi Public Library
Hit Counter
free hit counter